Catálogo de la historieta mexicana del siglo XX (Registro nro. 437073)
[ vista simple ]
| 000 -LÍDER | |
|---|---|
| Campo fijo de descripción fija | 00872nmm a2200217 4500 |
| 003 - IDENTIFICADOR DEL NÚMERO DE CONTROL | |
| Campo de control | BCEG |
| 005 - FECHA Y HORA DE LA ULTIMA TRANSACCIÓN | |
| control field | 20260204111805.0 |
| 008 - ELEMENTOS DE LONGITUD FIJA -- INFORMACIÓN GENERAL | |
| Campo fijo de descripción fija -- Información general | 260203s2001 mx |||||q|||||00| 0 spa|d |
| 020 ## - ISBN | |
| Isbn | 9701825225 |
| 040 ## - FUENTE DE CATALOGACIÓN | |
| Agencia de catalogación original | BCEG |
| Idioma de catalogación | spa |
| Agencia que realiza la transcripción | BCEG |
| 084 04 - CLASIFICACIÓN LOCAL | |
| Número de Clasificación | CDE286 |
| 245 1# - TÍTULO PROPIAMENTE DICHO | |
| Título | Catálogo de la historieta mexicana del siglo XX |
| Designación General del Material | [CD-ROM]. |
| 260 ## - PUBLICACIÓN, DISTRIBUCIÓN, ETC. (PIE DE IMPRENTA) | |
| Lugar de publicación, distribución, etc. | México : |
| Nombre del editor, distribuidor, etc. | Instituto Nacional de Arqueología e Historia : Centro Nacional Editor de Discos Compactos, Universidad de Colima, |
| Fecha de publicación, distribución, etc. | 2001. |
| 300 ## - DESCRIPCIÓN FÍSICA | |
| Extensión | 1 CD-ROM : |
| Otros detalles físicos | col. |
| Material complementario a la obra | + 1 folleto (18 p.) |
| 505 ## - NOTA DE CONTENIDO | |
| Información miscelánea | Folleto [supl.]. |
| Título | Catálogo de la historieta mexicana del siglo XX. |
| 650 14 - ASIENTO SECUNDARIO DE MATERIA - TERMINO TEMÁTICO | |
| Término temático o nombre geográfico como elemento de entrada | Tiras cómicas, historietas, etc. |
| Subdivisión geográfica | México |
| Subdivisión de forma | historia y crítica |
| -- | Materiales de enseñanza. |
| 700 ## - ASIENTO SECUNDARIO - NOMBRE PERSONAL | |
| Nombre personal | Aurrecoechea, Juan Manuel, |
| Función o responsabilidad del autor | pról. |
| 700 ## - ASIENTO SECUNDARIO - NOMBRE PERSONAL | |
| Nombre personal | Barrera Bassols, Jacinto, |
| Función o responsabilidad del autor | cout. |
| 700 1# - ASIENTO SECUNDARIO - NOMBRE PERSONAL | |
| Nombre personal | Bartra, Armando, |
| Función o responsabilidad del autor | introd. |
| 942 ## - TIPO DE MATERIAL (KOHA) | |
| Tipo de Item KOHA | CD-ROM |
| No para Préstamo | Colección | Biblioteca de Origen | Biblioteca Permanente | Fecha de Adquisición | Total de Préstamos | Signatura Topográfica | Código de Barras | Última vez visto | Tipo de Material | Ejemplar |
|---|---|---|---|---|---|---|---|---|---|---|
| Material en Reserva | Audiovisual | Biblioteca Central Estatal de Guanajuato, "Wigberto Jiménez Moreno" | Biblioteca Central Estatal de Guanajuato, "Wigberto Jiménez Moreno" | 03/02/2026 | CDE286 | BCEG8655230820 | 03/02/2026 | CD-ROM | ||
| Material en Reserva | Audiovisual | Biblioteca Central Estatal de Guanajuato, "Wigberto Jiménez Moreno" | Biblioteca Central Estatal de Guanajuato, "Wigberto Jiménez Moreno" | 03/02/2026 | CDE286 | BCEG8655230821 | 03/02/2026 | CD-ROM | supl. |